000 00403nam a2200169Ia 4500
008 100514t1972 xxu||||| |||| 00| 0 sin d
041 _asin
080 _aX8S31
_bGOM
100 _aGomus, Sherly
245 _aනිලන්ති
246 _aNilanthi 27
260 _bDJ
_aColombo
_c1972
300 _a202p., 16 cm
942 _cBK
999 _c70132
_d70132
003 LK-CoDNM
040 _aLK-CoDNM
_dLK-CoDNM
_eLK-CoDNM